Hull City: The Premier League Years - Statistics

General Stats
  • This quiz has been taken 47 times
  • The average score is 8 of 18
Answer Stats
Answer % Correct
Steve Bruce
92%
Phil Brown
79%
Andy Dawson
58%
Marco Silva
55%
Michael Dawson
55%
Geovanni
53%
Nikica Jelavić
50%
Curtis Davies
47%
Mike Phelan
47%
Ian Ashbee
37%
Michael Turner
29%
Robert Snodgrass
29%
Robert Koren
26%
Stephen Hunt
26%
Ahmed Elmohamady
24%
Iain Dowie
24%
Sam Clucas
21%
Matty Fryatt
13%
No matching quizzes found
Score Distribution
Percent of People with Each Score
Percentile by Number Answered
Your Score History
You have not taken this quiz